[Event "Xtracon Chess Open 2018"]
[Site "Elsinore"]
[Date "2018.07.22"]
[Round "2"]
[White "Densing, Gerd"]
[Black "Hviid, Hans Henrik"]
[Result "1-0"]
[WhiteElo "1794"]
[BlackElo "1173"]
[EventDate "2018.07.21"]
[WhiteFideId "24621013"]
[BlackFideId "1425374"]

1.d4 d5 2.Nf3 Nf6 3.e3 Bg4 4.h3 Bf5 5.c4 c6 6.Qb3 e6 7.Qxb7 Nbd7 8.Qxc6 
Rc8 9.Qa4 Qb6 10.c5 Bxc5 11.dxc5 Rxc5 12.Nc3 Ra5 13.Qd4 Qxd4 14.Nxd4 O-O 
15.Nxf5 exf5 16.Bd3 a6 17.b4 d4 18.bxa5 dxc3 19.O-O Nc5 20.Bxf5 Nb7 21.Ba3
Rd8 22.Rfd1 Rxd1+ 23.Rxd1 g6 24.Bc8 Nxa5 25.Bxa6 Ne4 26.Bd3 f5 27.Bxe4 
fxe4 28.Bb4 c2 29.Rc1 1-0

[Event "Xtracon Chess Open 2018"]
[Site "Elsinore"]
[Date "2018.07.22"]
[Round "2"]
[White "Matthiesen, Martin"]
[Black "Stern, Geoffrey"]
[Result "1-0"]
[WhiteElo "2273"]
[BlackElo "2008"]
[EventDate "2018.07.21"]
[WhiteFideId "1404067"]
[BlackFideId "4002679"]

1.d4 e6 2.Nf3 d5 3.Bf4 c5 4.e3 Nc6 5.c3 Bd6 6.Bg3 Nge7 7.Bd3 f5 8.Nbd2 O-O
9.Qe2 Ng6 10.Bxd6 Qxd6 11.h4 cxd4 12.cxd4 Bd7 13.h5 Nge7 14.h6 g6 15.a3 
Rac8 16.b4 Rc7 17.O-O Rfc8 18.Nb3 b6 19.Ba6 Re8 20.Rfc1 Nb8 21.Rxc7 Qxc7 
22.Rc1 Qd6 23.Ne5 Nec6 24.f4 Nd8 25.Nd2 Nf7 26.Nxf7 Kxf7 27.Nf3 Rd8 28.
Ne5+ Kg8 29.Bb7 Ba4 30.Qe1 Qe7 31.Bc8 Bb5 32.Kh2 Rf8 33.Kh3 Re8 34.Qh4 
Qxh4+ 35.Kxh4 Kf8 36.Rc7 Kg8 37.Rg7+ 1-0

[Event "Xtracon Chess Open 2018"]
[Site "Elsinore"]
[Date "2018.07.22"]
[Round "2"]
[White "Christensen, Verner"]
[Black "Jacobsen, Per"]
[Result "1-0"]
[WhiteElo "1886"]
[BlackElo "1590"]
[EventDate "2018.07.21"]
[WhiteFideId "1416006"]
[BlackFideId "1413856"]

1.e4 Nf6 2.e5 Nd5 3.d4 d6 4.Nf3 Nb6 5.Bb5+ Bd7 6.Be2 Nc6 7.O-O dxe5 8.dxe5
g6 9.Bf4 Bg7 10.Qd2 Bg4 11.Qc1 Bxf3 12.Bxf3 Nd4 13.Nc3 Nxf3+ 14.gxf3 O-O 
15.Bh6 a6 16.Rd1 Qc8 17.Bxg7 Kxg7 18.b3 Qf5 19.Qe3 Rad8 20.Qe4 Qg5+ 21.Kh1
c6 22.Rd4 Rxd4 23.Qxd4 Nc8 24.Rd1 e6 25.f4 Qh5 26.Qe3 Ne7 27.Rd3 Nd5 28.
Nxd5 cxd5 29.Rc3 Qd1+ 30.Kg2 d4 31.Rd3 Qxc2 32.Qxd4 Qxa2 33.f5 Qe2 34.f6+ 
Kg8 35.Rf3 Kh8 36.Qf4 g5 37.Qb4 Kg8 38.Rc3 Qb5 39.Qxb5 axb5 40.Rc5 Rd8 41.
Rxb5 Rb8 42.Kg3 Kf8 43.Kg4 h6 44.Kh5 Ke8 45.Kxh6 Kd7 46.Kxg5 Kc6 47.Rb4 
Rd8 48.Rc4+ Kb6 49.h4 Rg8+ 50.Kf4 Rg2 51.f3 Rh2 52.Kg3 Re2 53.Re4 Rb2 54.
b4 Kb5 55.h5 1-0

[Event "Xtracon Chess Open 2018"]
[Site "Elsinore"]
[Date "2018.07.22"]
[Round "2"]
[White "Sorensen, Bernhard W."]
[Black "Justinussen, Sigurd B."]
[Result "0-1"]
[WhiteElo "1691"]
[BlackElo "1921"]
[EventDate "2018.07.21"]
[WhiteFideId "1442074"]
[BlackFideId "7200773"]

1.d4 d5 2.Bf4 e6 3.e3 Bd6 4.Bg3 c5 5.c3 Nc6 6.Bd3 Nf6 7.Nd2 c4 8.Bc2 Qc7 
9.Bxd6 Qxd6 10.f4 b5 11.a3 a5 12.Ngf3 Bb7 13.Ne5 Ne7 14.O-O Ng6 15.Qf3 O-O
16.Qh3 Ne4 17.Nxe4 dxe4 18.Qh5 Qd5 19.g4 Ne7 20.g5 f6 21.gxf6 gxf6 22.Rf3 
fxe5 23.Rg3+ Kh8 24.Rh3 Rg8+ 25.Kf2 Rg7 26.Rg1 Rag8 27.Rxg7 Rxg7 28.Qe8+ 
Ng8 29.fxe5 Qd7 30.Qh5 Qf7+ 31.Qxf7 Rxf7+ 32.Ke1 Rg7 33.Kf2 Ne7 34.Rh6 Bd5
35.Bd1 Nf5 36.Rf6 Kg8 37.Bh5 Nh4 38.h3 Rg2+ 39.Kf1 Rxb2 40.Bf7+ Kg7 41.
Bxe6 Bxe6 42.Rxe6 Nf5 43.Rf6 Nxe3+ 44.Kg1 Nd5 45.Ra6 e3 46.Ra7+ Kf8 47.
Ra8+ Ke7 48.Ra7+ Ke6 49.Rxh7 Rb1+ 50.Kh2 e2 51.Rh6+ Kf5 52.Rh5+ Kg6 0-1

[Event "Xtracon Chess Open 2018"]
[Site "Elsinore"]
[Date "2018.07.22"]
[Round "2"]
[White "Rasmussen, Lars Garne"]
[Black "Laubsch, Bernd"]
[Result "0-1"]
[WhiteElo "1995"]
[BlackElo "2269"]
[EventDate "2018.07.21"]
[WhiteFideId "1406434"]
[BlackFideId "4663314"]

1.e4 c5 2.Nf3 e6 3.d4 cxd4 4.Nxd4 Nf6 5.Nc3 d6 6.Be2 Be7 7.O-O O-O 8.f4 
Nc6 9.Be3 e5 10.fxe5 dxe5 11.Nf5 Bb4 12.Qxd8 Nxd8 13.Nd5 Nxd5 14.exd5 g6 
15.Nh6+ Kg7 16.Ng4 Bxg4 17.Bxg4 f5 18.a3 Be7 19.Be2 b6 20.c4 Bc5 21.Bxc5 
bxc5 22.b4 Nb7 23.Bd1 Rac8 24.Rc1 Rf7 25.Ba4 Kf6 26.Bc6 e4 27.Rfd1 Ke5 28.
Kf2 Kd6 29.Ke3 Re7 30.g3 Nd8 31.Ba4 Nf7 32.Rd2 Ne5 33.b5 Rf8 34.Bd1 g5 35.
Rg2 Nd3 36.Rb1 f4+ 37.gxf4 gxf4+ 38.Kd2 f3 39.Rg3 Ne5 40.Rc1 Nd3 41.Rb1 
Nf4 42.Bb3 f2 0-1

[Event "Xtracon Chess Open 2018"]
[Site "Elsinore"]
[Date "2018.07.22"]
[Round "2"]
[White "Quinn, David"]
[Black "Svane, Frederik"]
[Result "0-1"]
[WhiteElo "1987"]
[BlackElo "2266"]
[EventDate "2018.07.21"]
[WhiteFideId "2401452"]
[BlackFideId "12923044"]

1.d4 Nf6 2.c4 e6 3.Nf3 b6 4.Bf4 Bb7 5.e3 Be7 6.Bd3 Nh5 7.Be5 d6 8.g4 dxe5 
9.gxh5 e4 10.Rg1 Bf6 11.Be2 exf3 12.Bxf3 c6 13.Nc3 Qc7 14.Qc2 Nd7 15.O-O-O
O-O-O 16.Kb1 g6 17.Ne4 Be7 18.Ng5 Bxg5 19.Rxg5 e5 20.d5 cxd5 21.cxd5 Qxc2+
22.Kxc2 Rhe8 23.e4 Kc7 24.h4 Rg8 25.Rdg1 Kd6 26.Kd2 Nf6 27.hxg6 Rxg6 28.h5
Rxg5 29.Rxg5 Bc8 30.Rg7 Ke7 31.Rg1 Bd7 32.Rg5 Rg8 33.Rg3 Rxg3 34.fxg3 Bg4 
0-1

[Event "Xtracon Chess Open 2018"]
[Site "Elsinore"]
[Date "2018.07.22"]
[Round "2"]
[White "Bengtsson, Jessica"]
[Black "Ramsdal, Jens Albert"]
[Result "1-0"]
[WhiteElo "1985"]
[BlackElo "2259"]
[EventDate "2018.07.21"]
[WhiteFideId "1711083"]
[BlackFideId "1429221"]

1.e4 c5 2.c3 g6 3.d4 cxd4 4.cxd4 d5 5.e5 Nc6 6.Nc3 Bg7 7.Bb5 Nh6 8.Nge2 
O-O 9.O-O f6 10.exf6 exf6 11.Nf4 Nf5 12.Nfxd5 Nfxd4 13.Re1 Nxb5 14.Nxb5 
Bf5 15.Bf4 Ne5 16.Qb3 Kh8 17.Rad1 Rc8 18.Nxf6 Nd3 19.Ne4 Nxe1 20.Rxd8 
Rcxd8 21.Ned6 Nd3 22.Bg5 Rd7 23.g4 Nc5 24.Qe3 Ne6 25.gxf5 Nxg5 26.Qxg5 a6 
27.fxg6 hxg6 28.Qg4 Rfd8 29.Nf7+ 1-0

[Event "Xtracon Chess Open 2018"]
[Site "Elsinore"]
[Date "2018.07.22"]
[Round "2"]
[White "Kittilsen, Sigurd"]
[Black "Hoeffer, David"]
[Result "0-1"]
[WhiteElo "1893"]
[BlackElo "2252"]
[EventDate "2018.07.21"]
[WhiteFideId "1515624"]
[BlackFideId "24606766"]

1.e4 e5 2.Nf3 d6 3.d4 exd4 4.Nxd4 Nf6 5.Nc3 Be7 6.Be2 O-O 7.Bf4 Nc6 8.Nxc6
bxc6 9.Bf3 Ba6 10.e5 dxe5 11.Bxe5 Qe8 12.Be2 Rd8 13.Qc1 Bb4 14.Qg5 Rd5 15.
f4 Bxc3+ 16.bxc3 Bxe2 17.Kxe2 h6 18.Qg3 Nh5 19.Qe3 f6 20.Bxc7 Qd7 21.Kf3 
Re8 22.Qxa7 Rd2 23.Qc5 Qxc7 24.Qxh5 Rde2 25.Qc5 Qf7 26.Rhd1 f5 27.g4 fxg4+
28.Kg3 R8e3+ 29.Qxe3 Rxe3+ 30.Kg2 Qxf4 31.Rf1 Re2+ 32.Kg1 Qxh2# 0-1

[Event "Xtracon Chess Open 2018"]
[Site "Elsinore"]
[Date "2018.07.22"]
[Round "2"]
[White "Schmidt, Kristen"]
[Black "Schmied, Andreas"]
[Result "1/2-1/2"]
[WhiteElo "2247"]
[BlackElo "1997"]
[EventDate "2018.07.21"]
[WhiteFideId "1400436"]
[BlackFideId "4625897"]

1.e4 e5 2.Nf3 Nc6 3.d4 exd4 4.Nxd4 Nf6 5.Nxc6 bxc6 6.e5 Qe7 7.Qe2 Nd5 8.c4
Nb6 9.Nc3 Qe6 10.Qe4 Ba6 11.c5 Bxf1 12.cxb6 Bxg2 13.Qxg2 Qxe5+ 14.Be3 axb6
15.O-O O-O-O 16.Rfe1 Qh5 17.Bf4 f6 18.Qg3 d6 19.Qg2 d5 20.Ne2 Bb4 21.Nc3 
Qf5 22.Bd2 Qc2 23.Qg4+ Kb7 24.Qxb4 Qxd2 25.Rad1 Qg5+ 26.Kh1 Rhe8 27.Qd4 
Qh5 28.Qd3 Qh4 29.Qg3 Qh6 30.Kg2 f5 31.Ne2 g5 32.Nd4 Qf6 33.Rxe8 Rxe8 34.
Qd3 Re5 35.b4 f4 36.Rc1 g4 37.Nxc6 Rh5 38.Qb5 f3+ 39.Kg1 Qf4 40.Na5+ Ka7 
41.Nc6+ Kb7 42.Na5+ Ka7 1/2-1/2

[Event "Xtracon Chess Open 2018"]
[Site "Elsinore"]
[Date "2018.07.22"]
[Round "2"]
[White "Undheim, Bjarne"]
[Black "Heimisson, Hilmir Freyr"]
[Result "0-1"]
[WhiteElo "1878"]
[BlackElo "2241"]
[EventDate "2018.07.21"]
[WhiteFideId "1506862"]
[BlackFideId "2309998"]

1.e4 d6 2.d4 Nf6 3.Nc3 e5 4.dxe5 dxe5 5.Qxd8+ Kxd8 6.Bc4 Ke8 7.Be3 Bb4 8.
f3 Be6 9.Bxe6 Bxc3+ 10.bxc3 fxe6 11.Ne2 Nbd7 12.Nc1 Ke7 13.Nd3 b6 14.Bf2 
Nh5 15.Bh4+ Kf7 16.Bg5 h6 17.Bd2 g5 18.g3 Nhf6 19.g4 Ne8 20.h4 Nd6 21.hxg5
hxg5 22.Ke2 Kg6 23.Nf2 Nc5 24.Rxh8 Rxh8 25.Rh1 Rxh1 26.Nxh1 Na4 27.Nf2 c5 
28.Nd1 Kf6 29.Ne3 b5 30.Kd3 a6 31.Bc1 c4+ 32.Kd2 Nf7 33.Ba3 Nh8 34.Bd6 Ng6
35.Bb8 Nh4 36.Nf1 Nxf3+ 37.Ke3 Nh4 38.Kd2 Ng6 39.Ng3 Ke7 40.Ba7 Kd6 41.Ne2
Kc7 42.Ng1 Nh8 43.Nf3 Nf7 44.Be3 Nd6 45.Nxg5 Kd7 46.Ba7 Ke7 47.Bb8 Kf6 48.
Bxd6 Kxg5 49.Bxe5 Nc5 50.Ke3 Nd7 51.Bd4 e5 52.Ba7 Kxg4 53.a3 a5 54.Ke2 Kf4
55.Be3+ 0-1

[Event "Xtracon Chess Open 2018"]
[Site "Elsinore"]
[Date "2018.07.22"]
[Round "2"]
[White "Schwarz, Frank"]
[Black "Bering, Anders"]
[Result "1-0"]
[WhiteElo "2234"]
[BlackElo "1995"]
[EventDate "2018.07.21"]
[WhiteFideId "4658035"]
[BlackFideId "1405810"]

1.d4 Nf6 2.Nf3 d5 3.e3 c5 4.b3 Nc6 5.Bb2 Bg4 6.Nbd2 e6 7.a3 cxd4 8.exd4 
Be7 9.Bd3 a6 10.O-O O-O 11.Qe1 Nd7 12.Qe3 Bh5 13.Rfe1 Re8 14.Rac1 b5 15.h3
b4 16.a4 Bf6 17.g4 Bg6 18.Bxg6 hxg6 19.g5 Be7 20.Qf4 Nf8 21.h4 Bd6 22.Qg4 
a5 23.Kg2 Ne7 24.Rh1 Rc8 25.Nf1 Rc6 26.Ne3 Qc7 27.Ne5 Bxe5 28.dxe5 Nf5 29.
Qe2 Rc8 30.Nxf5 exf5 31.Qe3 Ne6 32.h5 Rxc2 33.Rxc2 Qxc2 34.Rc1 f4 35.Rxc2 
Rxc2 36.Qd3 Rxb2 37.hxg6 f3+ 38.Qxf3 fxg6 39.Qxd5 1-0

[Event "Xtracon Chess Open 2018"]
[Site "Elsinore"]
[Date "2018.07.22"]
[Round "2"]
[White "Tenold, Andreas"]
[Black "Haugli, Petter"]
[Result "0-1"]
[WhiteElo "1865"]
[BlackElo "2231"]
[EventDate "2018.07.21"]
[WhiteFideId "1525840"]
[BlackFideId "1500104"]

1.d4 Nf6 2.c4 g6 3.f3 Bg7 4.e4 d6 5.Nc3 O-O 6.Be3 Nc6 7.Nge2 a6 8.Qd2 Rb8 
9.a4 a5 10.Ng3 e5 11.d5 Nd4 12.Bxd4 exd4 13.Nb5 c6 14.Nxd4 Qb6 15.Rd1 Nd7 
16.Be2 Nc5 17.Qe3 Nxa4 18.b3 Nc5 19.Kf2 Bd7 20.Rd2 cxd5 21.cxd5 Qb4 22.Rb1
Rfc8 23.Nc2 Qc3 24.Nd4 Qxe3+ 25.Kxe3 h5 26.b4 axb4 27.Rxb4 h4 28.Nh1 Bh6+ 
29.f4 Re8 30.Nb5 Bxb5 31.Bxb5 Re7 32.Kf3 Ra8 33.Nf2 f5 34.exf5 gxf5 35.g4 
hxg3 36.hxg3 Ra3+ 37.Kg2 Rg7 38.Nh1 Ne4 39.Rd3 Ra2+ 40.Kh3 Rh7 41.Rxe4 
Bf8# 0-1

[Event "Xtracon Chess Open 2018"]
[Site "Elsinore"]
[Date "2018.07.22"]
[Round "2"]
[White "Nilsson, Patrik 1978"]
[Black "Koellner, Aaron Noah"]
[Result "1-0"]
[WhiteElo "2229"]
[BlackElo "1992"]
[EventDate "2018.07.21"]
[WhiteFideId "1708171"]
[BlackFideId "12993085"]

1.e4 c5 2.c3 d5 3.exd5 Qxd5 4.d4 Nf6 5.Nf3 e6 6.Na3 Nc6 7.Be2 a6 8.Nc4 Qd8
9.O-O cxd4 10.cxd4 Be7 11.Qb3 O-O 12.Bd2 b5 13.Nce5 Bb7 14.Be3 Rc8 15.Nxc6
Bxc6 16.Ne5 Bd5 17.Qd1 Qb6 18.Bf3 Rfd8 19.Bxd5 Rxd5 20.Qf3 Qd8 21.Rac1 Bd6
22.Rxc8 Qxc8 23.Rc1 Qb8 24.Nc6 Qb7 25.Bf4 Ne8 26.Bxd6 Nxd6 27.Rc5 Rf5 28.
Rxf5 Nxf5 29.d5 Qd7 30.g4 Nh4 31.Qe4 g6 32.g5 Nf5 33.dxe6 Qxe6 34.Ne5 Qxa2
35.Nd7 Qa1+ 36.Kg2 Nd6 37.Qa8+ Kg7 38.Qf8# 1-0

[Event "Xtracon Chess Open 2018"]
[Site "Elsinore"]
[Date "2018.07.22"]
[Round "2"]
[White "Dahl, Max"]
[Black "Salles, Louis"]
[Result "0-1"]
[WhiteElo "1848"]
[BlackElo "2227"]
[EventDate "2018.07.21"]
[WhiteFideId "1526626"]
[BlackFideId "20641826"]

1.d4 Nf6 2.Nf3 e6 3.g3 c5 4.c3 Nc6 5.Bg2 d5 6.O-O Be7 7.e3 O-O 8.Nbd2 b5 
9.Qe2 Qb6 10.Ne5 Nxe5 11.dxe5 Nd7 12.f4 a5 13.Re1 Bb7 14.Kh1 c4 15.Nf3 Nc5
16.Nd4 f6 17.exf6 Bxf6 18.Nf3 b4 19.Bd2 Rae8 20.g4 Nd3 21.Reb1 e5 22.f5 e4
23.Nd4 Bc8 24.Be1 Be5 25.b3 cxb3 26.Rxb3 h5 27.Bh3 hxg4 28.Bxg4 Bxd4 29.
cxd4 Bxf5 30.Bg3 Qe6 31.Bxf5 Qxf5 32.Kg2 Re6 33.Rf1 Qxf1+ 34.Qxf1 Rxf1 35.
Kxf1 Rc6 36.a3 Rc1+ 37.Ke2 a4 38.Rxd3 exd3+ 39.Kd2 Rb1 40.axb4 a3 41.Kxd3 
a2 42.b5 a1=Q 0-1

[Event "Xtracon Chess Open 2018"]
[Site "Elsinore"]
[Date "2018.07.22"]
[Round "2"]
[White "Madison, Sigurd"]
[Black "Crevatin, Leo"]
[Result "0-1"]
[WhiteElo "1704"]
[BlackElo "2224"]
[EventDate "2018.07.21"]
[WhiteFideId "1711806"]
[BlackFideId "1726307"]

1.e4 c5 2.Nf3 Nc6 3.d3 d5 4.Nbd2 Nf6 5.Be2 Bg4 6.h3 Bh5 7.O-O e6 8.Re1 Be7
9.c3 h6 10.e5 Nd7 11.d4 Qb6 12.a4 cxd4 13.cxd4 Bg6 14.Nf1 Rc8 15.Ne3 Be4 
16.Bb5 Bxf3 17.Qxf3 Qxd4 18.Qg3 Qxe5 19.f4 Qf6 20.Ng4 Qh4 21.Qxh4 Bxh4 22.
Rd1 a6 23.Be2 O-O 24.Be3 Be7 25.Rac1 Rfd8 26.Kh2 Na5 27.Bd3 Nb3 28.Rxc8 
Rxc8 29.f5 e5 30.f6 Nxf6 31.Nxe5 Bd6 32.Bf4 Nh5 33.g3 g5 34.Bf5 Re8 35.Bc2
gxf4 36.Ng4 fxg3+ 37.Kg2 Nc5 38.Nxh6+ Kg7 39.Nf5+ Kf6 40.Kf3 Be5 0-1

[Event "Xtracon Chess Open 2018"]
[Site "Elsinore"]
[Date "2018.07.22"]
[Round "2"]
[White "Ongut, Tamas Gunes"]
[Black "Rosell, Sven"]
[Result "1-0"]
[WhiteElo "2220"]
[BlackElo "1983"]
[EventDate "2018.07.21"]
[WhiteFideId "770280"]
[BlackFideId "1707760"]

1.e4 c6 2.d4 d5 3.e5 Bf5 4.h4 h5 5.Bd3 Bxd3 6.Qxd3 e6 7.Bg5 Qa5+ 8.Nd2 Qa6
9.c4 Nd7 10.Ne2 Ne7 11.b3 Nf5 12.O-O f6 13.exf6 gxf6 14.Nf4 O-O-O 15.Nxe6 
Re8 16.Qxf5 fxg5 17.cxd5 gxh4 18.Qf4 Rxe6 19.dxe6 Nb6 20.Qf6 Rg8 21.e7 
Bxe7 22.Qe6+ 1-0

[Event "Xtracon Chess Open 2018"]
[Site "Elsinore"]
[Date "2018.07.22"]
[Round "2"]
[White "Knudsen, Jan"]
[Black "Laustsen, Lars"]
[Result "0-1"]
[WhiteElo "1659"]
[BlackElo "2219"]
[EventDate "2018.07.21"]
[WhiteFideId "1460803"]
[BlackFideId "1407554"]

1.e4 c5 2.Nf3 d6 3.d4 cxd4 4.Nxd4 Nf6 5.Nc3 a6 6.f3 e5 7.Nb3 Be6 8.Be3 h5 
9.h4 Nbd7 10.Qd2 Rc8 11.Be2 Qc7 12.O-O-O d5 13.exd5 Nxd5 14.Nxd5 Bxd5 15.
Kb1 Be6 16.Bd3 Be7 17.f4 Qc6 18.fxe5 Qa4 19.Qf2 Nxe5 20.Rhf1 Bxh4 21.g3 
Bf6 22.Bf5 Bxf5 23.Qxf5 Qg4 24.Bd4 Qxf5 25.Rxf5 Nd7 26.Re1+ Kd8 27.Rd5 Kc7
28.Bxf6 Nxf6 29.Re7+ Kb8 30.Rde5 Rhe8 31.c3 Rxe7 32.Rxe7 Rc7 33.Re5 g6 34.
Nd4 Rd7 35.Kc2 Kc7 36.Re2 Kd8 37.Kd3 Re7 38.Rxe7 Kxe7 39.b4 Kd6 40.c4 Ke5 
41.Nf3+ Kf5 42.Nd4+ Kg4 43.Ne2 Kf3 44.a4 g5 45.c5 Nd7 46.Nd4+ Kxg3 47.Nf5+
Kf3 48.Nd6 b6 49.cxb6 Nxb6 50.b5 Nxa4 51.Nxf7 g4 52.Ne5+ Kf4 53.Ng6+ Kg5 
54.bxa6 Kxg6 55.Kc4 Nb6+ 56.Kc5 Na8 57.Kc6 g3 58.Kb7 g2 59.Kxa8 g1=Q 60.a7
h4 61.Kb8 Qxa7+ 0-1

[Event "Xtracon Chess Open 2018"]
[Site "Elsinore"]
[Date "2018.07.22"]
[Round "2"]
[White "Christensen, Thomas"]
[Black "Pettersen, Johan"]
[Result "0-1"]
[WhiteElo "2218"]
[BlackElo "1858"]
[EventDate "2018.07.21"]
[WhiteFideId "1407635"]
[BlackFideId "1522183"]

1.Nc3 Nf6 2.e4 e5 3.f4 d6 4.Nf3 Nc6 5.Bb5 Bd7 6.O-O Be7 7.d3 O-O 8.Bxc6 
Bxc6 9.fxe5 dxe5 10.Qe1 Re8 11.Qg3 Bc5+ 12.Kh1 Qd6 13.Nh4 Qe6 14.Rf5 g6 
15.Bh6 Kh8 16.Raf1 Ng8 17.Nf3 Nxh6 18.Ng5 Nxf5 19.Qh3 Ng3+ 20.Qxg3 Qe7 21.
Rxf7 Rf8 22.h4 Rxf7 23.Nxf7+ Qxf7 24.Qxe5+ Kg8 25.Qxc5 0-1

[Event "Xtracon Chess Open 2018"]
[Site "Elsinore"]
[Date "2018.07.22"]
[Round "2"]
[White "Fjallheim, Benjamin Reinert"]
[Black "Lund, Gunnar"]
[Result "0-1"]
[WhiteElo "1375"]
[BlackElo "2216"]
[EventDate "2018.07.21"]
[WhiteFideId "7202008"]
[BlackFideId "1520814"]

1.e4 e5 2.Nf3 Nc6 3.Bc4 Nf6 4.d3 Be7 5.Nc3 d6 6.h3 Na5 7.Bb3 O-O 8.O-O 
Nxb3 9.axb3 h6 10.Be3 c5 11.Qd2 Nh7 12.Nd5 f5 13.exf5 Bxf5 14.b4 Bxh3 15.
Nh2 Be6 16.Nxe7+ Qxe7 17.bxc5 d5 18.d4 e4 19.b3 Qh4 20.c4 Rf5 21.cxd5 Bxd5
22.b4 Raf8 23.f3 exf3 24.gxf3 Ng5 25.Rxa7 Bxf3 26.Nxf3 Rxf3 27.Qa2+ Kh8 
28.Rxf3 Nxf3+ 29.Kg2 Qh2+ 30.Kf1 Nd2+ 31.Ke1 Rf1# 0-1

[Event "Xtracon Chess Open 2018"]
[Site "Elsinore"]
[Date "2018.07.22"]
[Round "2"]
[White "Hartung-Nielsen, Jens"]
[Black "Langvik, Ulrikke"]
[Result "1-0"]
[WhiteElo "2207"]
[BlackElo "1640"]
[EventDate "2018.07.21"]
[WhiteFideId "1400690"]
[BlackFideId "1517910"]

1.c4 e6 2.g3 f5 3.Bg2 Nf6 4.Nf3 c6 5.O-O d5 6.d3 Bd6 7.Nc3 O-O 8.e4 fxe4 
9.dxe4 dxe4 10.Ng5 e5 11.Ncxe4 Nxe4 12.Bxe4 h6 13.c5 Bxc5 14.Qb3+ Kh8 15.
Nf7+ Rxf7 16.Qxf7 Bh3 17.Bxh6 Qg8 18.Qh5 Bxf1 19.Bg5+ Qh7 20.Qxh7# 1-0

[Event "Xtracon Chess Open 2018"]
[Site "Elsinore"]
[Date "2018.07.22"]
[Round "2"]
[White "Bjerre, Jonas Buhl"]
[Black "Emborg, Jens"]
[Result "1-0"]
[WhiteElo "2436"]
[BlackElo "1545"]
[EventDate "2018.07.21"]
[WhiteFideId "1444948"]
[BlackFideId "1437534"]

1.e4 e6 2.d4 d5 3.Nd2 Nf6 4.e5 Nfd7 5.Bd3 c5 6.c3 Nc6 7.Ne2 Be7 8.O-O O-O 
9.Nf3 cxd4 10.cxd4 f6 11.exf6 Nxf6 12.Re1 Bd7 13.Nf4 Bb4 14.Nxe6 Bxe6 15.
Rxe6 Qc7 16.h3 Rae8 17.Rxe8 Rxe8 18.Bg5 Ne4 19.Qb3 Qf7 20.Be3 Bd6 21.Rc1 
Re7 22.Bb5 Rc7 23.Qa4 Bf4 24.Bxc6 Bxe3 25.fxe3 Ng3 26.Bxd5 Rxc1+ 27.Kf2 
Ne4+ 28.Bxe4 1-0

[Event "Xtracon Chess Open 2018"]
[Site "Elsinore"]
[Date "2018.07.22"]
[Round "2"]
[White "Hansen, Tommy"]
[Black "Tari, Aryan"]
[Result "0-1"]
[WhiteElo "1732"]
[BlackElo "2615"]
[EventDate "2018.07.21"]
[WhiteFideId "1511009"]
[BlackFideId "1510045"]

1.Nf3 c5 2.c4 Nc6 3.e3 Nf6 4.d4 cxd4 5.exd4 d5 6.cxd5 Nxd5 7.Nc3 g6 8.Bc4 
Nb6 9.Bb3 Bg7 10.d5 Na5 11.Bc2 O-O 12.O-O Nac4 13.Re1 Bd7 14.h4 Bg4 15.Be4
Rc8 16.Qb3 Nd6 17.Bg5 Re8 18.Nh2 Bd7 19.Bd3 Nbc4 20.Rac1 h6 21.Bf4 e5 22.
dxe6 Bxe6 23.Qc2 Qxh4 24.Bg3 Qd8 25.Nf3 Qa5 26.Bxd6 Nxd6 27.Nh4 Qg5 28.Nf3
Qf4 29.Re3 b5 30.Qb1 Rc5 31.Rce1 Bd7 32.Ne4 Nxe4 33.Rxe4 Rxe4 34.Rxe4 Rc1+
35.Bf1 Qxf3 0-1

[Event "Xtracon Chess Open 2018"]
[Site "Elsinore"]
[Date "2018.07.22"]
[Round "2"]
[White "Carlstedt, Jonathan"]
[Black "Rasmussen, Jonas H"]
[Result "1-0"]
[WhiteElo "2425"]
[BlackElo "1892"]
[EventDate "2018.07.21"]
[WhiteFideId "24614386"]
[BlackFideId "1511637"]

1.c4 c6 2.g3 d5 3.Nf3 Nf6 4.Bg2 Bf5 5.Qb3 Qb6 6.d3 e6 7.Be3 dxc4 8.Qxc4 
Qb4+ 9.Nbd2 Nbd7 10.a3 Qxc4 11.Nxc4 Nd5 12.Bd2 Bg6 13.b4 Be7 14.Na5 Bf6 
15.Rc1 Rb8 16.e4 Nc7 17.Bf4 e5 18.Be3 a6 19.Bh3 Ne6 20.Nd2 Bd8 21.Nac4 Bc7
22.O-O Nd4 23.Bxd4 exd4 24.f4 f6 25.Nb3 Nb6 26.Nxd4 Nxc4 27.dxc4 O-O 28.
Ne6 Rfc8 29.Rcd1 Bxe4 30.Rd7 Bb6+ 31.c5 Ba7 32.Re1 Bd5 33.Nxg7 Rd8 34.Ree7
Rxd7 35.Rxd7 Rf8 36.Nf5 Rb8 37.Nd6 a5 38.Bg2 Be6 39.Rxb7 Rxb7 40.Nxb7 axb4
41.axb4 Bd7 42.Na5 1-0

[Event "Xtracon Chess Open 2018"]
[Site "Elsinore"]
[Date "2018.07.22"]
[Round "2"]
[White "Solberg, Joachim"]
[Black "Smeby, Ole"]
[Result "1/2-1/2"]
[WhiteElo "2263"]
[BlackElo "1887"]
[EventDate "2018.07.21"]
[WhiteFideId "1502930"]
[BlackFideId "1503677"]

1.e4 d5 2.exd5 Qxd5 3.Nf3 Nf6 4.d4 c6 5.c4 Qa5+ 6.Bd2 Qc7 7.Nc3 Bf5 8.d5 
Nbd7 9.Be2 Ne5 10.Nxe5 Qxe5 11.dxc6 bxc6 12.Qa4 Bd7 13.O-O-O e6 14.Bf3 Qc7
15.Ne4 Nxe4 16.Bxe4 c5 17.Qa6 Rb8 18.f4 Be7 19.Rhf1 Bf6 20.b3 Qb6 21.Qa3 
Bc6 22.Rfe1 Bxe4 23.Rxe4 O-O 24.Ree1 Qc6 25.Re2 1/2-1/2

[Event "Xtracon Chess Open 2018"]
[Site "Elsinore"]
[Date "2018.07.22"]
[Round "2"]
[White "Jorgensen, Orla Eilegaard"]
[Black "Skousen, Nikolai"]
[Result "0-1"]
[WhiteElo "1639"]
[BlackElo "2203"]
[EventDate "2018.07.21"]
[WhiteFideId "1413368"]
[BlackFideId "1401432"]

1.e4 g6 2.f4 Bg7 3.Nf3 c5 4.c3 d5 5.e5 Nc6 6.d4 cxd4 7.cxd4 Nh6 8.Nc3 Bg4 
9.Bb5 Rc8 10.O-O O-O 11.Kh1 Nf5 12.Bxc6 Rxc6 13.Qd3 e6 14.Nd2 Qh4 15.Kg1 
Rfc8 16.Nf3 Bxf3 17.Rxf3 b5 18.a3 a5 19.Rf1 b4 20.axb4 axb4 21.Na4 Qg4 22.
Nc5 Nxd4 23.Qxd4 Rxc5 24.Qxb4 Rc2 25.Bd2 Bf8 26.Qa5 Bc5+ 27.Kh1 Be3 28.
Rad1 Qe2 29.Rfe1 Rxd2 30.Rxe2 Rxd1+ 31.Re1 Rxe1+ 32.Qxe1 Rc1 33.Qxc1 Bxc1 
34.b4 Bxf4 0-1

[Event "Xtracon Chess Open 2018"]
[Site "Elsinore"]
[Date "2018.07.22"]
[Round "2"]
[White "Hill, Alistair"]
[Black "Jorgensen, Alexander Torp"]
[Result "1-0"]
[WhiteElo "2192"]
[BlackElo "1803"]
[EventDate "2018.07.21"]
[WhiteFideId "432407"]
[BlackFideId "1434187"]

1.e4 e5 2.Bc4 Nf6 3.d3 a6 4.Nc3 b5 5.Bb3 Bb4 6.Bg5 d6 7.Ne2 Be6 8.O-O c6 
9.Ng3 h6 10.Be3 d5 11.Bd2 a5 12.exd5 cxd5 13.a3 Bxc3 14.bxc3 O-O 15.a4 
bxa4 16.Bxa4 Bd7 17.Nh5 Bxa4 18.Nxf6+ Qxf6 19.Rxa4 Nd7 20.Qa1 Rfb8 21.Rxa5
Rxa5 22.Qxa5 Rb2 23.Bc1 Rxc2 24.Qxd5 Qe6 25.Qa5 Qc6 26.c4 Nc5 27.Be3 Nxd3 
28.Qd8+ 1-0

[Event "Xtracon Chess Open 2018"]
[Site "Elsinore"]
[Date "2018.07.22"]
[Round "2"]
[White "Ivarsson, Torbjorn"]
[Black "Wiberg, Jonas"]
[Result "1/2-1/2"]
[WhiteElo "2161"]
[BlackElo "1715"]
[EventDate "2018.07.21"]
[WhiteFideId "1705865"]
[BlackFideId "1720090"]

1.e4 c6 2.Ne2 d5 3.e5 e6 4.d4 c5 5.c3 Nc6 6.Nd2 cxd4 7.cxd4 Qb6 8.Nf3 Bb4+
9.Bd2 Nge7 10.Bxb4 Qxb4+ 11.Qd2 Qxd2+ 12.Kxd2 Nf5 13.g3 Bd7 14.Bh3 Nfe7 
15.Rhc1 Rc8 16.Ne1 O-O 17.f4 Na5 18.b3 Rxc1 19.Rxc1 Rc8 20.Nc3 Kf8 21.Nd3 
Ke8 22.g4 b6 23.Rf1 Nec6 24.Ne2 Nd8 25.f5 Rc7 26.Nef4 g6 27.Ne2 Rc8 28.Bg2
Nac6 29.Rf3 exf5 30.Rh3 fxg4 31.Rxh7 Be6 32.Ndf4 Ne7 33.Nc3 Ndc6 34.Nb5 
Kd7 35.Nd6 Rf8 36.Ke3 Nb4 37.Bf1 Nf5+ 38.Nxf5 gxf5 39.Bb5+ Kd8 40.a4 Nc2+ 
41.Kd3 Ne1+ 42.Kc3 Nf3 43.Bc6 Ng5 44.Rh5 Ne4+ 45.Kd3 Rg8 46.Bxd5 g3 47.
hxg3 Rxg3+ 48.Kc2 Rc3+ 49.Kb2 Bxd5 50.Nxd5 Rd3 51.Nb4 Rf3 52.d5 Nc5 53.
Nc6+ Kd7 54.Nd4 Rd3 55.Rh4 Re3 56.e6+ fxe6 57.Rh7+ Kc8 58.dxe6 Nxe6 59.Re7
f4 60.Nxe6 f3 1/2-1/2

[Event "Xtracon Chess Open 2018"]
[Site "Elsinore"]
[Date "2018.07.22"]
[Round "2"]
[White "Jorgensen, Dennis"]
[Black "Saravana, Vedant Kumar"]
[Result "1-0"]
[WhiteElo "2147"]
[BlackElo "1691"]
[EventDate "2018.07.21"]
[WhiteFideId "1408380"]
[BlackFideId "45059730"]

1.Nf3 d5 2.c4 c6 3.d4 Nf6 4.cxd5 cxd5 5.Nc3 Nc6 6.Bf4 Bf5 7.e3 a6 8.Rc1 e6
9.Qb3 Bb4 10.Be2 O-O 11.O-O Nh5 12.Be5 f6 13.Bg3 Nxg3 14.hxg3 Qd7 15.Na4 
Qe7 16.Nc5 Bxc5 17.Rxc5 Rac8 18.Rfc1 Na7 19.Ne1 Rxc5 20.Rxc5 Rc8 21.Qb6 
Rxc5 22.dxc5 Nc8 23.Qa5 Na7 24.Nd3 Nc6 25.Qc3 Bxd3 26.Bxd3 Ne5 27.Be2 Qc7 
28.b4 Nc6 29.a4 Qe5 30.Qxe5 Nxe5 31.f4 Nd7 32.c6 bxc6 33.Bxa6 c5 34.Bc8 
Nb6 35.Bxe6+ Kf8 36.a5 Na8 37.b5 Ke7 38.Bxd5 Nc7 39.Bc4 Kd6 40.b6 Ne8 41.
Bb5 1-0